Catálogo
 En Linea

Oracão apodíctica aos cismáticos da pátria : (Registro nro. 35109)

Detalles MARC
000 -CABECERA
campo de control de longitud fija 00725nam a2200181 a 4500
001 - NÚMERO DE CONTROL
campo de control 000035618
005 - FECHA Y HORA DE LA ÚLTIMA TRANSACCIÓN
campo de control 20200930074458.0
008 - DATOS DE LONGITUD FIJA--INFORMACIÓN GENERAL
campo de control de longitud fija 111105s2008 bl 000 0 spa d
020 ## - NÚMERO INTERNACIONAL ESTÁNDAR DEL LIBRO
Número Internacional Estándar del Libro 9788533304918
040 ## - FUENTE DE LA CATALOGACIÓN
Centro catalogador/agencia de origen DO-SdBNP
Lengua de catalogación spa
Centro/agencia transcriptor BNPHU
082 ## - NÚMERO DE LA CLASIFICACIÓN DECIMAL DEWEY
Número de clasificación xxx
Número de documento/Ítem xxxx
100 1# - ENTRADA PRINCIPAL--NOMBRE DE PERSONA
Nombre de persona Gomes Carneiro, Diogo
Fechas asociadas al nombre 1618-1676
9 (RLIN) 61522
245 10 - MENCIÓN DE TÍTULO
Título Oracão apodíctica aos cismáticos da pátria :
Resto del título oracão apodixica aos scismaticos da patria. Offerecida a Francisco de Lucena do Conselho de Sua Magestade.. /
Mención de responsabilidad, etc. Diogo Gomes Carneiro.
260 ## - PUBLICACIÓN, DISTRIBUCIÓN, ETC.
Lugar de publicación, distribución, etc. Rio de Janeiro, :
Nombre del editor, distribuidor, etc. Ministério da Cultura
-- Fundacão Biblioteca Nacional,
Fecha de publicación, distribución, etc. 2008.
300 ## - DESCRIPCIÓN FÍSICA
Extensión ]82] p ;
Dimensiones 22 cm.
500 ## - NOTA GENERAL
Nota general Fac-símile da edicão de 1641.
590 ## - NOTA LOCAL (RLIN)
Nota local Inventariado, 2018/ YL
Existencias
Estado de retiro Estado de pérdida Restricciones de uso No para préstamo Código de colección Localización permanente Ubicación/localización actual Ubicación en estantería Fecha de adquisición Número de inventario Total de préstamos Signatura topográfica completa Código de barras Fecha visto por última vez Precio válido a partir de Tipo de ítem Koha
      Excluido de préstamo Monografías: Libros y Folletos General General Depósito 05.11.2011 LF1   xxx xxxx 35618-10 25.06.2020 25.06.2020 No se presta

Con tecnología Koha